| Tag |
First Indicator |
Second Indicator |
Subfields |
| LEADER |
00000nmm a22000001a 4500 |
| 001 |
in00004625721 |
| 006 |
m|||||o||m|||||||| |
| 007 |
cr|cn |||uuuuu |
| 008 |
221118s2019 xxu||||eo|||| ||||||eng d |
| 005 |
20221207221301.2 |
| 035 |
|
|
|a (TxWaIVM)IV76255DaBe
|
| 040 |
|
|
|a TxWaIVM
|c TxWaIVM
|
| 245 |
0 |
0 |
|a Berserk Volume 38 /
|c powered by Library Pass.
|
| 260 |
3 |
|
|a [United States] :
|b Dark Horse,
|c 2019.
|
| 300 |
|
|
|a 1 online resource.
|
| 336 |
|
|
|a text
|b txt
|2 rdacontent
|
| 337 |
|
|
|a computer
|b c
|2 rdamedia
|
| 338 |
|
|
|a online resource
|b cr
|2 rdacarrier
|
| 520 |
|
|
|a Guts the Black Swordsman and company reach the isle of Skellig in hopes that Elven magic can cure the afflicted Casca, but the cure could come at a deadly cost. Meanwhile, Guts' Band of the Hawk comrade Rickert journeys to the city of Falconia, the seat of power for Griffith, the resurrected former Hawks commander. But the glittering towers of Falconia cast the darkest of shadows, and a legion of demonic monstrosities dwell in the darkness! From creator Kentaro Miura comes Berserk, a sprawling adult fantasy epic of fierce imagination One of the most popular long-running adult manga series ever published. First new Berserk volume since 2013! The inspiration for three anime feature films and two TV series. New Berserk anime TV series to air in 2017. "One of the best manga ever conceived."--University Press of North Georgia "A glorious, gory fantasy epic, a truly one-of-a-kind work."--Manga Test Drive "The Godfather of manga."--anime-planet
|
| 521 |
|
|
|a 3
|
| 538 |
|
|
|a Requires a valid library card and registration for new users.
|
| 538 |
|
|
|a Mode of access: World Wide Web.
|
| 538 |
|
|
|a System requirements: Flash 10.1 or higher, Windows XP and higher, Internet Explorer 7 and higher, Firefox 3.6 and higher, Google Chrome; Max OS 10.5 and higher, Safari 4 and higher.
|
| 650 |
|
0 |
|a Comic books, strips, etc.
|
| 655 |
|
7 |
|a Electronic books.
|2 local
|
| 655 |
|
7 |
|a Comic books, strips, etc.
|2 gsafd
|
| 650 |
|
0 |
|a Humor
|
| 655 |
|
7 |
|a Humor
|2 gsafd
|
| 650 |
|
0 |
|a Fantasy comic books, strips, etc.
|
| 655 |
|
7 |
|a Fantasy comic books, strips, etc.
|2 gsafd
|
| 650 |
|
0 |
|a Horror comic books, strips, etc.
|
| 655 |
|
7 |
|a Horror comic books, strips, etc.
|2 gsafd
|
| 650 |
|
0 |
|a Horror comic books, strips, etc.
|
| 655 |
|
7 |
|a Horror comic books, strips, etc.
|2 gsafd
|
| 650 |
|
0 |
|a Comic books, strips, etc.
|
| 655 |
|
7 |
|a Comic books, strips, etc.
|2 gsafd
|
| 650 |
|
0 |
|a Movie & TV
|
| 655 |
|
7 |
|a Movie & TV
|2 gsafd
|
| 650 |
|
0 |
|a Seinen
|
| 655 |
|
7 |
|a Seinen
|2 gsafd
|
| 700 |
1 |
|
|a Miura, Kentaro.
|e writer.
|
| 700 |
1 |
|
|a Miura, Kentaro.
|e artist.
|
| 710 |
2 |
|
|a Library Pass, LLC.
|
| 856 |
4 |
0 |
|u http://proxy.library.tamu.edu/login?url=https://tamu.librarypass.com/product/com.iversecomics.dark.horse.berserk.volume.38.english.02192019
|z Connect to this electronic book (First time users create your free account)
|t 0
|
| 955 |
|
|
|a Comics Plus.
|
| 999 |
f |
f |
|s dda54b09-0825-48f4-bfc4-e998f84e0e10
|i bc93ed57-6fb7-4e97-86aa-9677467aba60
|t 0
|
| 952 |
f |
f |
|a Texas A&M University
|b College Station
|c Electronic Resources
|d Available Online
|t 0
|h Library of Congress classification
|
| 998 |
f |
f |
|t 0
|l Available Online
|